Call to total consecration. (Record no. 37716)

MARC details
000 -LEADER
fixed length control field 01080nam a22001817a 4500
003 - CONTROL NUMBER IDENTIFIER
control field IT-RoPau
005 - DATE AND TIME OF LATEST TRANSACTION
control field 20220918175937.0
008 - FIXED-LENGTH DATA ELEMENTS--GENERAL INFORMATION
fixed length control field 130108b xxu||||| |||| 00| 0 eng d
040 ## - CATALOGING SOURCE
Transcribing agency IT-RoPau
100 ## - MAIN ENTRY--PERSONAL NAME
Personal name Alberione [James] Giacomo
Fuller form of name Fondatore Famiglia Paolina
9 (RLIN) 115
245 ## - TITLE STATEMENT
Title Call to total consecration.
Remainder of title Rev. James Alberione, S.S.P, S.T.D
250 ## - EDITION STATEMENT
Edition statement I
260 ## - PUBLICATION, DISTRIBUTION, ETC. (IMPRINT)
Place of publication, distribution, etc. Boston
Name of publisher, distributor, etc. FSP
Date of publication, distribution, etc. 1974
300 ## - PHYSICAL DESCRIPTION
Extent 94 p.
Dimensions 18,5 cm
490 ## - SERIES STATEMENT
Series statement ST. Paul Edition
Volume/sequential designation I
520 ## - SUMMARY, ETC.
Summary, etc. CONTENTS<br/><br/>Foreword<br/>1. The Closer Following of Christ<br/>2. A Narrower Path and the Hundredfold<br/>3. Response of Courage<br/>4. Powerful Aids to Reaching the Goal<br/>5. The Greatest Love<br/>6. The Poverty of Christ - A Liberation<br/>7. "Yes " to the Will of the Father<br/>8. Unity in Heart and Soul<br/>9. Christ's Reward to His Followers<br/>10. The Strength To Love<br/>11. "Rejoice in the Lord Always!"<br/>12. Dedicated to the Needs of Men<br/>13. Centering the Mind in God<br/>14. Mary, Queen of Apostles<br/>15. The Best Choise<br/>Prayer for Vocations<br/>Prayer for One's Own Vocation <br/>
942 ## - ADDED ENTRY ELEMENTS (KOHA)
Source of classification or shelving scheme Dewey Decimal Classification
Koha item type LIBRO
Holdings
Withdrawn status Lost status Source of classification or shelving scheme Damaged status Not for loan Home library Current library Date acquired Total Checkouts Full call number Date last seen Price effective from Koha item type
    Dewey Decimal Classification Buone Condizioni Not For Loan PAULUS-BIBLIOTECA PAULUS-BIBLIOTECA 08/01/2013   P A8 08/01/2013 08/01/2013 LIBRO
    Dewey Decimal Classification Buone Condizioni Not For Loan PAULUS-BIBLIOTECA PAULUS-BIBLIOTECA 08/01/2013   P A8 08/01/2013 08/01/2013 LIBRO
CREDITS: SOCIETA' SAN PAOLO Via A.Severo, 58 - ROMA (RM) & PERIODICI SAN PAOLO SRL Via Giotto, 36 MILANO & CISF Via Giotto, 36 MILANO & EDIZIONI SAN PAOLO SRL,  Piazza Soncino, 5 CINISELLO BALSAMO (MI) -- ITALY